| 000 | 00947cam a2200241 i 4500 | ||
|---|---|---|---|
| 005 | 20260112112424.0 | ||
| 008 | 250721s1999 jo gr 000 0 ara d | ||
| 041 |
_aara _heng |
||
| 082 | 1 | 4 |
_a303,2 _bج ر ي |
| 100 | 1 |
_aجريبر، دوريس ايه _eمؤلف. |
|
| 245 | 1 | 0 |
_aسلطة وسائط الإعلام في السياسة / _cتأليف دوريس إيه جريبر ؛ ترجمة د.أسعد أبو لبدة ؛ مراجعة فاروق جرار. |
| 246 | 1 | 0 | _amedia power in politics |
| 250 | _aالطبعة لأولى. | ||
| 264 | 3 | 1 |
_aعمان : _bدار البشير للنشر والتوزيع، _c1999. |
| 300 | _a534 صفحة. | ||
| 650 | 1 | 7 | _aوسائل الإتصال الجماهيري. |
| 650 | 1 | 7 | _aالسياسة. |
| 650 | 1 | 7 | _aالإنتخابات. |
| 650 | 1 | 7 | _aالولايات المتحدة. |
| 700 | 1 |
_aأبو لبدة، أسعد _eترجمة |
|
| 942 |
_2ddc _cBK |
||
| 999 |
_c6622 _d6622 |
||